000 00896nam a22002417a 4500
999 _c63952
_d63952
005 20240530110707.0
008 171225s2014 ua a g b 000 0dara d
017 _a2014/19362
_bمصر. دار الكتب
020 _a9789774951893
040 _aEG-CaGPL
_cEG-CaGPL
082 0 4 _221
_a327.17
_bق/ج إ
100 0 _aجوزيف انطون مترى
245 1 2 _aالاعلام المصرى وازمة مياه النيل /
_cتأليف جوزيف انطون مترى .
250 _aط.1
260 _aالقاهرة :
_bدار العالم العربى ،
_c2014 .
300 _a290 ص. ؛
_c24 سم.
490 0 _aسلسلة اتجاهات حديثة فى الاعلام
504 _aببليوجرافية : ص 263 - 290
650 0 7 _2qrmak
_aنهر النيل
651 _2qrmak
_aالسد العالى
942 _2ddc
_cBK